| 000 | 00397nam a22001697a 4500 | ||
|---|---|---|---|
| 999 |
_c3062 _d3061 |
||
| 005 | 20211209103819.0 | ||
| 008 | 160618b xxu||||| |||| 00| 0 eng d | ||
| 020 | _a978-81-203-2808-2 | ||
| 041 | _aeng | ||
| 082 |
_b8095 _a658.11 |
||
| 100 |
_aCoulter, Marry _92188 |
||
| 245 | _aEntrepreneurship in action | ||
| 260 |
_bPHI _c2008 |
||
| 300 | _a375p, | ||
| 650 |
_aManagement _9241 |
||
| 942 | _cBK | ||